00457 2200193 4500001002100000005001500021035002000036007000300056008004100059020001800100082001000118084001600128100001800144245003600162260003000198856001700228990000900245990000900254INLIS00000000000079720220906094840 a0010-0922000078ta220906 g 0 ind  a9789795344179 a384.6 a384.6 EKO a0 aEko Sujatmiko1 aAlat komunikasi dalam genggaman asolo :bPakar Raya,c2009 aKoleksi Umum a1194 a1195